000 01045nam a22002537a 4500
999 _c63736
_d63736
005 20240530110656.0
008 171220s2015 ua ako g b| 000 0 ara d
017 _a2015/5498
_bمصر. دار الكتب
020 _a9789770529751
040 _aEG-CaGPL
_cEG-CaGPL
082 0 7 _221
_a302.14 /
_bن أ
100 1 _aنيجستاد، برنارد أ.
245 1 2 _aالاداء الجماعى /
_cالمؤلف برنارد أ. نيجستاد ؛ ترجمة شيماء عزت باشا ، ايمان نصرى شنودة
260 _aالقاهرة :
_bمكتبة الانجلو المصرية ،
_c2015.
300 _a350 ص. :
_bايض ؛
_c24 سم.
504 _aيشتمل على ارجاعات ببليوجرافية
650 0 7 _2qrmak
_aالمشاركة الاجتماعية
651 _2qrmak
653 0 _aالاداء الجماعى
700 0 _aشيماء عزت باشا
_eمترجم
700 0 _aايمان نصرى شنودة
_eمترجم مشارك
942 _2ddc
_cBK